[Event "Capital Chess Classic"]
[Site "Wellington NZL"]
[Date "2025.10.26"]
[Round "3.11"]
[White "Fitton, Stanley"]
[Black "Barnes, Joshua"]
[Result "1/2-1/2"]
[WhiteFideId "4329724"]
[BlackFideId "4321502"]
[WhiteElo "1237"]
[BlackElo "1891"]
[PlyCount "108"]
[EventDate "2025.10.25"]
[AlgoUpdates "WhiteFideId=loc-match BlackFideId=other-games"]

1. d4 d5 2. c4 c6 3. Nf3 Bf5 4. g3 e6 5. Bg2 Bd6 6. O-O Nf6 7. Nc3 Nbd7 8. Nd2
h5 9. cxd5 exd5 10. e4 dxe4 11. Ndxe4 Nxe4 12. Nxe4 Bxe4 13. Bxe4 Qc7 14. Bg5
Kf8 15. Rc1 f6 16. Qf3 Qb6 17. d5 c5 18. Rfe1 Re8 19. Bg6 Rxe1+ 20. Rxe1 Ne5
21. Qf5 Qd8 22. Qe6 Nxg6 23. Rc1 Ne5 24. Be3 b6 25. b4 Qd7 26. bxc5 Qxe6 27.
dxe6 bxc5 28. Bxc5 Ke7 29. f4 Ng4 30. f5 Nh6 31. Bxd6+ Kxd6 32. Rd1+ Kc6 33.
Rd7 Nxf5 34. Rxa7 g5 35. Rf7 Rh6 36. Rd7 Rg6 37. a4 Rg7 38. Rf7 Kd6 39. Rxf6
Ke5 40. Rf7 Kxe6 41. Rxg7 Nxg7 42. a5 Ne8 43. a6 Nc7 44. a7 Ke5 45. Kf2 Ke4 46.
Ke2 Na8 47. Kf2 Kf5 48. Ke3 Nc7 49. Kf3 Ke5 50. Ke3 g4 51. Kd3 Kd6 52. Ke4 Ke6
53. Kf4 Kf6 54. Ke4 Ke6 1/2-1/2

[Event "Capital Chess Classic"]
[Site "Wellington NZL"]
[Date "2025.10.26"]
[Round "3.12"]
[White "Sethuramalingam, Karthik"]
[Black "Miriyala, Sreenikesh"]
[Result "1-0"]
[WhiteFideId "4320964"]
[BlackFideId "4325532"]
[WhiteElo "1863"]
[BlackElo "1419"]
[PlyCount "105"]
[EventDate "2025.10.25"]
[AlgoUpdates "WhiteFideId=other-games BlackFideId=other-games"]

1. e4 d6 2. d4 g6 3. c4 Nf6 4. Nc3 Bg7 5. Be2 O-O 6. Be3 Nbd7 7. g4 e5 8. d5
Nc5 9. f3 a5 10. h4 h5 11. g5 Nh7 12. Qd2 f6 13. Nh3 f5 14. Qc2 Bd7 15. Nf2 Qe7
16. Nb5 Bxb5 17. cxb5 a4 18. Bd3 f4 19. Bd2 Nb3 20. axb3 axb3 21. Qb1 c6 22.
Bc4 c5 23. Bxb3 Qc7 24. Bc4 b6 25. Ra6 Ra7 26. Qa2 Rfa8 27. Ke2 Nf8 28. Ra1
Rxa6 29. bxa6 Ra7 30. Bb5 Nd7 31. Qa4 Nb8 32. Bc6 Rxa6 33. Qd1 Rxa1 34. Qxa1
Nxc6 35. Qa4 Nd4+ 36. Kd3 b5 37. Qa8+ Kh7 38. Ba5 Qd7 39. Qb8 c4+ 40. Kc3 Nxf3
41. Bc7 Nxh4 42. Bxd6 Nf3 43. Bc5 h4 44. d6 Nd4 45. Qc7 Qc6 46. Bxd4 exd4+ 47.
Kb4 Qa6 48. Kc5 d3 49. d7 Bf8+ 50. Kd4 Qa2 51. d8=Q+ Bg7+ 52. Qf6 Qxb2+ 53. Kd5
1-0

[Event "Capital Chess Classic"]
[Site "Wellington NZL"]
[Date "2025.10.26"]
[Round "3.13"]
[White "Qu, Lucas"]
[Black "Guthrie, Milo"]
[Result "1-0"]
[WhiteFideId "4314620"]
[WhiteElo "1750"]
[BlackElo "1390"]
[PlyCount "101"]
[EventDate "2025.10.25"]
[AlgoUpdates "WhiteFideId=other-games"]

1. e4 c5 2. d4 cxd4 3. c3 Nf6 4. e5 Nd5 5. cxd4 e6 6. Nf3 Nc6 7. Bc4 d6 8. O-O
Be7 9. Re1 O-O 10. Bxd5 exd5 11. Nc3 Be6 12. Bf4 a6 13. a3 Rc8 14. Rc1 Na5 15.
Nd2 Nc4 16. Nxc4 dxc4 17. Qf3 d5 18. Qg3 Kh8 19. Bd2 b5 20. Ne2 Rb8 21. Nf4 b4
22. Nxe6 fxe6 23. Qg4 Rf5 24. axb4 Bxb4 25. Bc3 Qf8 26. Re3 Bxc3 27. bxc3 Rb2
28. Rf3 Rxf3 29. Qxf3 Kg8 30. Qxf8+ Kxf8 31. Kf1 Rb7 32. Ra1 Ra7 33. Ra5 Ke7
34. Ke2 Kd7 35. Kd2 Kc6 36. Kc2 Kb6 37. Rc5 Rc7 38. Rxc7 Kxc7 39. Kb2 Kd7 40.
Ka3 Ke7 41. Ka4 Kf7 42. Ka5 Kg6 43. g3 Kf5 44. f3 g5 45. h3 h5 46. Kxa6 g4 47.
hxg4+ hxg4 48. f4 Ke4 49. Kb6 Kf5 50. Kc6 Kg6 51. Kd6 1-0

[Event "Capital Chess Classic"]
[Site "Wellington NZL"]
[Date "2025.10.26"]
[Round "3.17"]
[White "Xu, Laura"]
[Black "McNabb, Ashlee-Deanna"]
[Result "1-0"]
[WhiteFideId "4328213"]
[BlackFideId "4324935"]
[WhiteElo "1655"]
[BlackElo "1317"]
[PlyCount "71"]
[EventDate "2025.10.25"]
[AlgoUpdates "WhiteFideId=other-games BlackFideId=loc-match"]

1. e4 e5 2. Nf3 d5 3. Nxe5 Nf6 4. exd5 Qxd5 5. d4 Nc6 6. Nxc6 Qxc6 7. Nc3 Bb4
8. Bd2 O-O 9. Ne2 Bxd2+ 10. Qxd2 Bf5 11. f3 Nd5 12. c3 Rfe8 13. Kf2 Re7 14. Ng3
Bg6 15. Bd3 Ne3 16. Bxg6 Qxg6 17. b3 f5 18. Rhg1 f4 19. Ne4 Qh6 20. Rh1 Qh4+
21. g3 Qh3 22. Rag1 Rxe4 23. fxe4 fxg3+ 24. hxg3 Nf1 25. Rxh3 Nxd2 26. Ke3 Rf8
27. Kxd2 Rf2+ 28. Ke3 Rxa2 29. Rf1 b5 30. Rh4 a5 31. Rhf4 h6 32. Rf5 c6 33. e5
a4 34. bxa4 Rxa4 35. e6 Ra8 36. e7 1-0

[Event "Capital Chess Classic"]
[Site "Wellington NZL"]
[Date "2025.10.26"]
[Round "3.18"]
[White "Bakiyaraj, Nenian"]
[Black "Cao, Sam"]
[Result "1-0"]
[BlackFideId "4325591"]
[WhiteElo "1281"]
[BlackElo "1185"]
[PlyCount "93"]
[EventDate "2025.10.25"]
[AlgoUpdates "BlackFideId=loc-match"]

1. d4 Nf6 2. c4 d6 3. Nc3 b6 4. e4 Bb7 5. d5 c6 6. Nf3 g6 7. h3 h5 8. Bg5 Bg7
9. Bd3 Qd7 10. Qc2 e6 11. e5 Nh7 12. Bf4 dxe5 13. Nxe5 Qe7 14. dxc6 Nxc6 15.
Qa4 Qb4 16. Nxc6 Qxa4 17. Nxa4 Bxc6 18. Nc3 Bxg2 19. Rh2 Bb7 20. Nb5 Bxb2 21.
Rb1 Rd8 22. Nd6+ Rxd6 23. Bxd6 Bg7 24. Bb8 O-O 25. Bg3 Rd8 26. Be2 Bc3+ 27. Kf1
e5 28. f3 Bc8 29. Rd1 Rxd1+ 30. Bxd1 Be6 31. Bb3 f5 32. h4 Nf6 33. Rc2 Bd4 34.
Bf2 Bxf2 35. Kxf2 Kf7 36. c5 Bxb3 37. axb3 bxc5 38. Rxc5 Ke6 39. Ra5 f4 40.
Rxa7 e4 41. Rc7 exf3 42. Kxf3 Nd5 43. Rc4 Kf5 44. b4 Nxb4 45. Rxb4 g5 46. hxg5
Kxg5 47. Rxf4 1-0

[Event "Capital Chess Classic"]
[Site "Wellington NZL"]
[Date "2025.10.26"]
[Round "3.19"]
[White "Swinburne, McKenzie (Zion)"]
[Black "Shannon, Toby"]
[Result "0-1"]
[WhiteFideId "4330960"]
[BlackFideId "4330978"]
[WhiteElo "1408"]
[BlackElo "1618"]
[PlyCount "62"]
[EventDate "2025.10.25"]
[AlgoUpdates "WhiteFideId=other-games BlackFideId=loc-match"]

1. d4 Nf6 2. c4 g6 3. Nc3 Bg7 4. Nf3 d6 5. e4 O-O 6. Be2 e5 7. O-O Nbd7 8. Be3
Re8 9. d5 a5 10. Qc2 Ng4 11. Bg5 f6 12. Bd2 Nc5 13. a3 f5 14. b4 axb4 15. axb4
Rxa1 16. Rxa1 Nxe4 17. Nxe4 fxe4 18. Qxe4 Bf5 19. Bg5 Qc8 20. Bd3 Bxe4 21. Bxe4
Nf6 22. Bxf6 Bxf6 23. h3 b6 24. b5 Qb7 25. Rc1 Ra8 26. Ne1 Ra4 27. Nd3 Qa7 28.
Kh2 Bg5 29. Rc2 Ra2 30. Rc3 Bd2 31. Rb3 Qa4 0-1

[Event "Capital Chess Classic"]
[Site "Wellington NZL"]
[Date "2025.10.26"]
[Round "3.20"]
[White "Panth, Kishore"]
[Black "Nazeer, Afique M"]
[Result "0-1"]
[WhiteFideId "4329775"]
[BlackFideId "9970703"]
[WhiteElo "1415"]
[BlackElo "1590"]
[PlyCount "98"]
[EventDate "2025.10.25"]
[AlgoUpdates "WhiteFideId=other-games BlackFideId=other-games"]

1. d4 d5 2. c4 c6 3. Nf3 g6 4. Nc3 Bg7 5. Bf4 Nf6 6. e3 O-O 7. Bd3 dxc4 8. Bxc4
b5 9. Bd3 Na6 10. a3 Nc7 11. Bxc7 Qxc7 12. Rc1 Qb6 13. Ne4 Nxe4 14. Bxe4 Bb7
15. Qc2 Rac8 16. Qc5 Qa5+ 17. Qc3 Qa6 18. O-O c5 19. Bxb7 Qxb7 20. Qd2 Rfd8 21.
Rfd1 cxd4 22. exd4 Rd5 23. Rxc8+ Qxc8 24. h3 e5 25. Qc3 Qd8 26. Rc1 e4 27. Ne5
Rxd4 28. Qg3 Rd1+ 29. Rxd1 Qxd1+ 30. Kh2 Qd6 31. Ng4 Qxg3+ 32. Kxg3 Bxb2 33.
Kf4 Kg7 34. Kg5 h6+ 35. Kf4 Bxa3 36. Kxe4 f5+ 37. Kf4 fxg4 38. hxg4 a5 39. Ke3
Bc5+ 40. Kd3 Bxf2 41. Kc3 Bc5 42. Kb3 a4+ 43. Ka2 b4 44. Kb2 Bd4+ 45. Ka2 Bc3
46. g3 g5 47. Kb1 b3 48. Kc1 a3 49. Kb1 a2+ 0-1

[Event "Capital Chess Classic"]
[Site "Wellington NZL"]
[Date "2025.10.26"]
[Round "3.21"]
[White "Dhamodharam, Aadhav"]
[Black "Thingbaijam, Conan"]
[Result "1-0"]
[WhiteFideId "33474575"]
[BlackFideId "4326792"]
[WhiteElo "1552"]
[BlackElo "1276"]
[PlyCount "105"]
[EventDate "2025.10.25"]
[AlgoUpdates "WhiteFideId=other-games BlackFideId=loc-match"]

1. e4 c5 2. Nf3 Nc6 3. d4 cxd4 4. Nxd4 Nf6 5. Nc3 e5 6. Ndb5 d6 7. Nd5 Nxd5 8.
exd5 Ne7 9. c4 g6 10. Qa4 Kd7 11. Nxa7+ Kc7 12. Be3 Kb8 13. Bd3 Bd7 14. Qb4
Rxa7 15. Qxd6+ Ka8 16. Bxa7 Nc6 17. Bb6 Bxd6 18. Bxd8 Nxd8 19. Rc1 Bc5 20. a3
b6 21. Ke2 Nb7 22. b4 Bd4 23. Rhd1 Bb2 24. Rc2 Bd4 25. Rcc1 Bb2 26. Rb1 Bd4 27.
Be4 f5 28. Bc2 Re8 29. Bb3 f4 30. Rbc1 Bb2 31. Rc2 Bd4 32. Ra2 Nd6 33. c5 bxc5
34. bxc5 Bxc5 35. Rc1 Bb6 36. Rb2 Bb5+ 37. Kf3 Bd4 38. Rbc2 Bd3 39. Rc6 Be4+
40. Ke2 Rd8 41. f3 Bf5 42. Ra6+ Kb7 43. Rcc6 Bc5 44. Ra4 Bd4 45. Rb4+ Ka7 46.
Rc7+ Ka8 47. Ba4 Nb5 48. Bxb5 Bb6 49. Bc6+ Kb8 50. Rb7+ Kc8 51. R4xb6 e4 52.
Rb8+ Kc7 53. R6b7+ 1-0

[Event "Capital Chess Classic"]
[Site "Wellington NZL"]
[Date "2025.10.26"]
[Round "3.22"]
[White "Sethuramalingam, Niranjan"]
[Black "Ashe, Michael"]
[Result "0-1"]
[WhiteFideId "4326415"]
[BlackFideId "4310462"]
[WhiteElo "1114"]
[BlackElo "1542"]
[PlyCount "100"]
[EventDate "2025.10.25"]
[AlgoUpdates "WhiteFideId=loc-match BlackFideId=other-games"]

1. e4 c6 2. d4 d5 3. e5 c5 4. dxc5 e6 5. Nf3 Bxc5 6. Nbd2 Bb4 7. c4 dxc4 8.
Bxc4 Ne7 9. O-O O-O 10. Qe2 a6 11. Bb3 b5 12. Bc2 Ng6 13. Qe4 Ra7 14. Qxb4 Qc7
15. Qe4 Nd7 16. Re1 Ra8 17. Nb3 Bb7 18. Qe2 Bxf3 19. gxf3 Ndxe5 20. Bxg6 Nxg6
21. Kh1 Qe7 22. Rg1 Qb7 23. Bd2 Nh4 24. Rg3 Nf5 25. Rh3 Rac8 26. Bc3 Rfd8 27.
Rg1 g6 28. Qe5 Rxc3 29. Qxc3 Rc8 30. Qf6 Qd5 31. Qg5 Rc2 32. Kg2 Rxb2 33. Qf6
Rxa2 34. Rc1 Qa8 35. Rc7 Qe8 36. Nc5 Ne3+ 37. Kg3 Nd5 38. Qe5 Nxc7 39. Qxc7 a5
40. Ne4 Qf8 41. Nf6+ Kg7 42. Qf4 h5 43. Rxh5 gxh5 44. Qg5+ Kh8 45. Qxh5+ Kg7
46. Qg5+ Kh8 47. h4 Qg7 48. Kh3 Qxg5 49. hxg5 b4 50. Ne4 b3 0-1

[Event "Capital Chess Classic"]
[Site "Wellington NZL"]
[Date "2025.10.26"]
[Round "3.23"]
[White "Annamalai, Karthikeyan"]
[Black "Le, Long Minh"]
[Result "1-0"]
[WhiteFideId "4330994"]
[BlackFideId "4320930"]
[WhiteElo "1439"]
[BlackElo "1044"]
[PlyCount "84"]
[EventDate "2025.10.25"]
[AlgoUpdates "WhiteFideId=other-games BlackFideId=loc-match"]

1. e4 e5 2. Nf3 Nc6 3. d4 exd4 4. Bc4 h6 5. O-O Bc5 6. c3 dxc3 7. Bxf7+ Kxf7 8.
Qd5+ Ke8 9. Qh5+ Kf8 10. Qxc5+ d6 11. Qxc3 Nf6 12. Re1 Nd7 13. Nd4 Nxd4 14.
Qxd4 Ne5 15. Bf4 Qe7 16. Nc3 c6 17. Rad1 Bh3 18. Qxd6 Qxd6 19. Rxd6 Nf7 20.
gxh3 Nxd6 21. Bxd6+ Kg8 22. Kg2 Kh7 23. Re3 Rhe8 24. e5 Rad8 25. Ne4 b6 26. f4
Kg6 27. Rf3 Kf5 28. Ng3+ Kg6 29. h4 Kh7 30. Ne4 Kg8 31. f5 Rxd6 32. Nxd6 Rxe5
33. Nc8 Re2+ 34. Rf2 Re4 35. Kg3 Ra4 36. b3 Ra5 37. Ne7+ Kf7 38. Nxc6 Ra6 39.
Re2 Kf6 40. Kg4 h5+ 41. Kf4 b5 42. Re6+ Kf7 1-0

[Event "Capital Chess Classic"]
[Site "Wellington NZL"]
[Date "2025.10.26"]
[Round "3.24"]
[White "Sun, William"]
[Black "Karthikeyan, Nilan"]
[Result "1-0"]
[WhiteFideId "4326784"]
[WhiteElo "1375"]
[BlackElo "999"]
[PlyCount "33"]
[EventDate "2025.10.25"]
[AlgoUpdates "WhiteFideId=loc-match"]

1. e4 e5 2. Nf3 Nc6 3. Bc4 Bc5 4. O-O Nf6 5. d4 exd4 6. e5 Ne4 7. Re1 Nxf2 8.
Kxf2 d3+ 9. Be3 Bxe3+ 10. Rxe3 dxc2 11. Qxc2 Nb4 12. Qf5 O-O 13. Ng5 g6 14.
Bxf7+ Kg7 15. Rh3 h6 16. Qxg6+ Kh8 17. Qh7# 1-0